[Event "HUN-chT2 Toth 1516"]
[Site "Hungary"]
[Date "2016.04.03"]
[Round "10.6"]
[White "Sipos, Kalman"]
[Black "Molnar, Gabor"]
[Result "0-1"]
[WhiteElo "1812"]
[BlackElo "1947"]
[PlyCount "146"]
[EventDate "2015.09.13"]
[EventType "team-tourn"]
[EventRounds "11"]
[EventCountry "HUN"]
[SourceTitle "EXT 2017"]
[Source "ChessBase"]
[SourceDate "2016.10.25"]
[SourceVersion "1"]
[SourceVersionDate "2016.10.25"]
[SourceQuality "1"]
[WhiteTeam "Roszke"]
[BlackTeam "Mako SVSE II"]
[WhiteTeamCountry "HUN"]
[BlackTeamCountry "HUN"]

1. e4 d6 2. d4 Nf6 3. Nc3 e5 4. dxe5 dxe5 5. Qxd8+ Kxd8 6. Bg5 Be6 7. 0-0-0+ Nbd7 8. f3 Kc8 9. Kb1 c6 10. g3 Bb4 11. Bd2 Ne8 12. Bh3 Nc7 13. Bxe6 Nxe6 14. Nge2 a5 15. a3 Bc5 16. Na4 Ba7 17. c4 Nd4 18. Nxd4 Bxd4 19. Rc1 b6 20. Rhd1 Kc7 21. Nc3 Nc5 22. Kc2 a4 23. Rf1 f6 24. Rcd1 Nb3 25. f4 Rhe8 26. fxe5 Nxd2 27. Rxd2 Bxc3 28. Kxc3 Rxe5 29. Rfd1 Re7 30. Re1 Ra5 31. Rde2 Rae5 32. g4 c5 33. Kd3 Rd7+ 34. Kc3 Rd4 35. Re3 Kc6 36. R1e2 Kc7 37. Re1 Kc6 38. R3e2 Kb7 39. Re3 Ka6 40. R1e2 Kb7 41. Re1 Kc7 42. R3e2 Rg5 43. h3 Kd6 44. Rf1 Re5 45. Rfe1 Ke6 46. Re3 Kf7 47. h4 Kg6 48. R3e2 h5 49. gxh5+ Kxh5 50. Rg1 Rexe4 51. Rxe4 Rxe4 52. Rxg7 Kxh4 53. Kd3 Re6 54. Rg6 Kh5 55. Rg8 f5 56. Ra8 f4 57. Rxa4 f3 58. Ra8 Rf6 59. Rh8+ Kg4 60. Rh1 f2 61. Ke2 Kg3 62. b4 Kg2 63. Rd1 Re6+ 64. Kd2 Rd6+ 65. Kc2 Rxd1 66. Kxd1 f1Q+ 67. Kd2 Qxc4 68. bxc5 Qxc5 69. a4 Kf3 70. Kd3 Qa3+ 71. Kc4 Qxa4+ 72. Kd5 Qc2 73. Kd4 b5 0-1

[Event "HUN-chT Csongrad Region"]
[Site "Hungary"]
[Date "2015.11.22"]
[Round "5.2"]
[White "Heintz, Sebestyen"]
[Black "Sipos, Kalman"]
[Result "1/2-1/2"]
[WhiteElo "1740"]
[BlackElo "1816"]
[PlyCount "93"]
[EventDate "2015.09.20"]
[EventType "team-tourn"]
[EventRounds "9"]
[EventCountry "HUN"]
[SourceTitle "EXT 2017"]
[Source "ChessBase"]
[SourceDate "2016.10.25"]
[SourceVersion "1"]
[SourceVersionDate "2016.10.25"]
[SourceQuality "1"]

1. e4 c5 2. Nf3 Nc6 3. Bc4 e6 4. 0-0 g6 5. e5 d5 6. exd6 Qxd6 7. c3 Bg7 8. d3 Nge7 9. Be3 0-0 10. Nbd2 b6 11. Ne4 Qc7 12. Qd2 Nf5 13. Bg5 f6 14. Bf4 Qd7 15. Rfe1 Kh8 16. h4 e5 17. Be3 Na5 18. a3 Bb7 19. Ba2 Rad8 20. Rad1 Qa4 21. Qc1 Bxe4 22. dxe4 Nxe3 23. Rxd8 Rxd8 24. Qxe3 Qc2 25. Qe2 Qa4 26. Bd5 Qd7 27. Qa6 Rc8 28. Kh2 Nc6 29. Qa4 Nb8 30. Qxd7 Nxd7 31. Be6 Rc7 32. Bxd7 Rxd7 33. a4 Rd3 34. c4 Bh6 35. Rb1 a5 36. Kg1 Kg8 37. Kf1 Kf7 38. Ke2 Rd6 39. Rd1 Ke6 40. Rxd6+ Kxd6 41. g4 Bc1 42. b3 h6 43. Nh2 Ke6 44. f3 f5 45. Kf2 Bf4 46. Nf1 Kf6 47. Ng3 1/2-1/2

[Event "HUN-chT2 Toth 1516"]
[Site "Hungary"]
[Date "2015.10.18"]
[Round "3.7"]
[White "Abel, Istvan"]
[Black "Sipos, Kalman"]
[Result "0-1"]
[WhiteElo "1716"]
[BlackElo "1812"]
[PlyCount "68"]
[EventDate "2015.09.13"]
[EventType "team-tourn"]
[EventRounds "11"]
[EventCountry "HUN"]
[SourceTitle "CBM 170 Extra"]
[Source "ChessBase"]
[SourceDate "2016.02.25"]
[SourceVersion "1"]
[SourceVersionDate "2016.02.25"]
[SourceQuality "1"]
[WhiteTeam "Felegyhaza Csongrad"]
[BlackTeam "Roszke"]
[WhiteTeamCountry "HUN"]
[BlackTeamCountry "HUN"]

1. e4 c5 2. Nf3 Nc6 3. d4 cxd4 4. Nxd4 g6 5. Be3 Bg7 6. Nc3 Nf6 7. f3 0-0 8. Qd2 d5 9. Nxc6 bxc6 10. 0-0-0 Bb7 11. e5 Nd7 12. f4 e6 13. Na4 Qe7 14. h4 f5 15. exf6 Qxf6 16. h5 c5 17. c3 Rac8 18. Kb1 c4 19. hxg6 Qxg6+ 20. Ka1 Rc6 21. a3 Ba6 22. Be2 Bb5 23. Bh5 Qf6 24. g4 Bxa4 25. Rdg1 Nc5 26. Bxc5 Rxc5 27. Rf1 d4 28. Qf2 Rd5 29. Qh2 dxc3 30. f5 Rd2 31. Bf7+ Rxf7 32. Qxh7+ Kf8 33. g5 Qxg5 34. Rfg1 Rg2 0-1

[Event "HUN-chT2 Toth 1516"]
[Site "Hungary"]
[Date "2015.09.26"]
[Round "2.7"]
[White "Sipos, Kalman"]
[Black "Gulyas, Zoltan"]
[Result "0-1"]
[WhiteElo "1812"]
[BlackElo "2048"]
[PlyCount "104"]
[EventDate "2015.09.13"]
[EventType "team-tourn"]
[EventRounds "11"]
[EventCountry "HUN"]
[SourceTitle "CBM 170 Extra"]
[Source "ChessBase"]
[SourceDate "2016.02.25"]
[SourceVersion "1"]
[SourceVersionDate "2016.02.25"]
[SourceQuality "1"]
[WhiteTeam "Roszke"]
[BlackTeam "Ujszasz"]
[WhiteTeamCountry "HUN"]
[BlackTeamCountry "HUN"]

1. e4 e6 2. d3 d5 3. Nc3 d4 4. Nce2 e5 5. g3 c5 6. Bg2 Nc6 7. f4 Bd6 8. Nf3 Nge7 9. 0-0 f6 10. fxe5 Nxe5 11. Nxe5 Bxe5 12. Bf4 Nc6 13. Qd2 0-0 14. Kh1 Bg4 15. Ng1 Qd7 16. Rf2 Rad8 17. a3 b5 18. Nf3 c4 19. Bxe5 Bxf3 20. Bxf3 Nxe5 21. Raf1 Qc6 22. Be2 Qc5 23. Rf5 c3 24. Qc1 Rd6 25. b4 Qc7 26. Qf4 Ra6 27. Ra1 g6 28. Rxe5 Qxe5 29. Qh6 Qg5 30. Qxg5 fxg5 31. Kg1 h5 32. h3 Kg7 33. Kg2 Kf7 34. Bf3 Ke6 35. Be2 Ke5 36. Kg1 Rff6 37. Kg2 Ra4 38. Kg1 Rfa6 39. Rf1 Rxa3 40. Rf8 Ra1+ 41. Kg2 Rc1 42. Re8+ Kf6 43. e5+ Kf7 44. Rb8 Rxc2 45. Kf3 g4+ 46. hxg4 hxg4+ 47. Ke4 Rxe2+ 48. Kxd4 c2 49. Rc8 Ra1 50. Rc7+ Ke6 51. Rc6+ Kf5 52. e6 c1Q 0-1

[Event "HUN-chT2 Toth 1516"]
[Site "Hungary"]
[Date "2015.09.13"]
[Round "1.7"]
[White "Gosztolya, Ferenc"]
[Black "Sipos, Kalman"]
[Result "1-0"]
[WhiteElo "1955"]
[BlackElo "1812"]
[PlyCount "103"]
[EventDate "2015.09.13"]
[EventType "team-tourn"]
[EventRounds "11"]
[EventCountry "HUN"]
[SourceTitle "CBM 170 Extra"]
[Source "ChessBase"]
[SourceDate "2016.02.25"]
[SourceVersion "1"]
[SourceVersionDate "2016.02.25"]
[SourceQuality "1"]
[WhiteTeam "Bekes"]
[BlackTeam "Roszke"]
[WhiteTeamCountry "HUN"]
[BlackTeamCountry "HUN"]

1. c4 e5 2. Nc3 Nf6 3. g3 g6 4. Bg2 Bg7 5. Nf3 d6 6. 0-0 0-0 7. d3 Nc6 8. Rb1 Rb8 9. b4 Re8 10. e4 Bg4 11. h3 Bxf3 12. Bxf3 Nd4 13. Bg2 a6 14. Be3 c6 15. f4 Nh5 16. Kh2 exf4 17. gxf4 Qh4 18. Qg4 Qe7 19. Bxd4 Bxd4 20. Ne2 Bg7 21. Bf3 Nf6 22. Qg2 Kh8 23. Rg1 Ng8 24. Kh1 Nh6 25. d4 Rg8 26. Rgd1 f6 27. a4 Nf7 28. b5 axb5 29. axb5 Rgc8 30. Nc3 Nd8 31. f5 Qf7 32. Na4 Qxc4 33. Nb6 Qf7 34. Nxc8 Rxc8 35. Rd3 Qc4 36. Be2 Qa2 37. Rdb3 Qd2 38. fxg6 cxb5 39. Bg4 Rc1+ 40. Rxc1 Qxc1+ 41. Qg1 Qc2 42. Qb1 Qf2 43. d5 hxg6 44. Rf3 Qc5 45. Qe1 Qd4 46. Rb3 f5 47. exf5 Qxd5+ 48. Rf3 g5 49. Qe8+ Qg8 50. Qh5+ Qh7 51. f6 Qxh5 52. fxg7+ 1-0

[Event "HUN-chT2 Toth 1415"]
[Site "Hungary"]
[Date "2015.03.01"]
[Round "9.10"]
[White "Sipos, Kalman"]
[Black "Martonosi, Adam"]
[Result "1/2-1/2"]
[WhiteElo "1763"]
[BlackElo "1668"]
[PlyCount "173"]
[EventDate "2014.09.07"]
[EventType "team-tourn"]
[EventRounds "11"]
[EventCountry "HUN"]
[SourceTitle "EXT 2016"]
[Source "ChessBase"]
[SourceDate "2015.10.08"]
[SourceVersion "1"]
[SourceVersionDate "2015.10.08"]
[SourceQuality "1"]
[WhiteTeam "Roszke"]
[BlackTeam "Mako II"]
[WhiteTeamCountry "HUN"]
[BlackTeamCountry "HUN"]

1. e4 g6 2. d4 Bg7 3. Nf3 c5 4. c3 cxd4 5. cxd4 d5 6. exd5 Nf6 7. Nc3 0-0 8. Be2 Nxd5 9. 0-0 Nc6 10. a3 e6 11. Bd2 Nxd4 12. Nxd4 Bxd4 13. Nxd5 Qxd5 14. Bf3 Qb5 15. Bc3 Bxc3 16. bxc3 Qc5 17. Qd2 Rb8 18. a4 b6 19. Rfb1 Ba6 20. Qd7 Qxc3 21. Qxa7 Qa5 22. h3 Bd3 23. Qxa5 bxa5 24. Rc1 Rfc8 25. Bc6 Rb6 26. Bb5 Rxc1+ 27. Rxc1 Bxb5 28. Rb1 Kf8 29. axb5 Ke7 30. Kf1 Kd6 31. Ke2 Kc5 32. Kd3 Rxb5 33. Rc1+ Kb6 34. Rc8 a4 35. Kc4 Rf5 36. Rb8+ Kc7 37. Rb2 Kc6 38. f3 Rf4+ 39. Kc3 Kc5 40. Rb7 Rc4+ 41. Kd3 Rb4 42. Rxf7 a3 43. Ra7 Rb3+ 44. Kc2 Rb2+ 45. Kc3 Rxg2 46. Rxa3 Rg3 47. Kd2 Rxh3 48. Ke3 Rh4 49. Rd3 e5 50. Rd7 g5 51. Kf2 h5 52. Kg3 Rf4 53. Rh7 h4+ 54. Kg2 Kd4 55. Ra7 Kd5 56. Rg7 h3+ 57. Kg3 h2 58. Kxh2 Rxf3 59. Rxg5 Kd4 60. Kg2 e4 61. Ra5 Ke3 62. Ra3+ Kf4 63. Rxf3+ exf3+ 64. Kf2 Kg4 65. Kf1 Kg3 66. Kg1 Kf4 67. Kf2 Ke4 68. Kf1 Kf5 69. Kf2 Ke4 70. Kf1 Ke5 71. Kf2 Kf4 72. Kf1 Kg5 73. Kf2 Kg4 74. Kf1 Kh3 75. Kf2 Kg4 76. Kf1 Kg3 77. Kg1 Kf4 78. Kf2 Ke4 79. Kf1 Kf5 80. Kf2 Ke4 81. Kf1 Ke3 82. Ke1 Kd3 83. Kf2 Ke4 84. Kf1 Ke3 85. Ke1 f2+ 86. Kf1 Kd4 87. Kxf2 1/2-1/2

[Event "HUN-chT2 Toth 1415"]
[Site "Hungary"]
[Date "2015.01.25"]
[Round "7.7"]
[White "Sipos, Kalman"]
[Black "Olah, Bela Janos"]
[Result "1/2-1/2"]
[WhiteElo "1763"]
[BlackElo "1936"]
[PlyCount "140"]
[EventDate "2014.09.07"]
[EventType "team-tourn"]
[EventRounds "11"]
[EventCountry "HUN"]
[SourceTitle "EXT 2016"]
[Source "ChessBase"]
[SourceDate "2015.10.08"]
[SourceVersion "1"]
[SourceVersionDate "2015.10.08"]
[SourceQuality "1"]
[WhiteTeam "Roszke"]
[BlackTeam "Bekes"]
[WhiteTeamCountry "HUN"]
[BlackTeamCountry "HUN"]

1. e4 d6 2. d4 g6 3. Nf3 Bg7 4. Bc4 e6 5. 0-0 Ne7 6. Nc3 0-0 7. Be3 h6 8. Qd2 Kh7 9. Rad1 Nd7 10. h3 a6 11. Nh2 b5 12. Bd3 e5 13. Ne2 c5 14. dxc5 dxc5 15. c4 Rb8 16. b3 Nc6 17. Nc3 Nd4 18. cxb5 axb5 19. Bxd4 cxd4 20. Nxb5 Nc5 21. Na3 Nxd3 22. Qxd3 Qa5 23. Nc4 Qxa2 24. Rb1 Be6 25. Nf3 f6 26. Nfd2 Qa7 27. Ra1 Qb7 28. Ra3 Ra8 29. Rfa1 Rxa3 30. Rxa3 Ra8 31. Rxa8 Qxa8 32. Kf1 Qc6 33. f3 Bc8 34. Kf2 h5 35. Ke1 Ba6 36. Kd1 Bb5 37. Qc2 Bf8 38. Qa2 Qc5 39. Qc2 Qa7 40. Qb1 Bb4 41. Ke2 Qc5 42. Qc2 Kg7 43. Kd1 Kf8 44. Qa2 d3 45. Kc1 Bc3 46. Qa3 Qxa3+ 47. Nxa3 Ba6 48. Nac4 Ke7 49. Nb1 Bb4 50. Kb2 Bxc4 51. bxc4 Kd6 52. Kb3 Kc5 53. Nc3 Ba5 54. Nb5 d2 55. Kc2 Kxc4 56. Nd6+ Kd4 57. Ne8 f5 58. exf5 gxf5 59. Nd6 Ke3 60. Kd1 f4 61. Nc4+ Kf2 62. Nxa5 Kxg2 63. Nc4 Kxf3 64. Nxe5+ Kg3 65. Kxd2 Kxh3 66. Ke2 Kg2 67. Nf3 Kg3 68. Ng1 h4 69. Kf1 h3 70. Ne2+ Kg4 1/2-1/2

[Event "HUN-chT2 Toth 1314"]
[Site "Hungary"]
[Date "2014.04.27"]
[Round "11.10"]
[White "Sipos, Kalman"]
[Black "Deak, Zoltan"]
[Result "1/2-1/2"]
[WhiteElo "1799"]
[BlackElo "1942"]
[PlyCount "68"]
[EventDate "2013.09.08"]
[EventType "team-tourn"]
[EventRounds "11"]
[EventCountry "HUN"]
[SourceTitle "EXT 2016"]
[Source "ChessBase"]
[SourceDate "2015.10.08"]
[SourceVersion "1"]
[SourceVersionDate "2015.10.08"]
[SourceQuality "1"]
[WhiteTeam "Roszke"]
[BlackTeam "Bekes"]
[WhiteTeamCountry "HUN"]
[BlackTeamCountry "HUN"]

1. e4 c6 2. d4 d5 3. Nc3 dxe4 4. Nxe4 Nf6 5. Ng5 h6 6. N5f3 Bf5 7. Bd3 e6 8. Bxf5 Qa5+ 9. Bd2 Qxf5 10. Ne2 Bd6 11. Ng3 Qb5 12. b3 a5 13. c4 Qa6 14. 0-0 Nbd7 15. Qc2 0-0 16. Rfe1 Rfe8 17. Ne5 Bb4 18. Re2 Bxd2 19. Rxd2 Rad8 20. Rad1 Qa8 21. a4 b6 22. Ne4 Nxe5 23. dxe5 Nxe4 24. Qxe4 Rxd2 25. Rxd2 Rd8 26. Rd3 Qb8 27. f4 c5 28. g4 g6 29. h4 Kg7 30. Kf2 Qc7 31. Ke2 Rd7 32. f5 Rxd3 33. f6+ Kf8 34. Kxd3 Qd8+ 1/2-1/2

[Event "HUN-chT2 Toth 1314"]
[Site "Hungary"]
[Date "2013.09.08"]
[Round "1.8"]
[White "Nagy, Karoly1111"]
[Black "Sipos, Kalman"]
[Result "1-0"]
[WhiteElo "2091"]
[BlackElo "1799"]
[PlyCount "71"]
[EventDate "2013.09.08"]
[EventType "team-tourn"]
[EventRounds "11"]
[EventCountry "HUN"]
[SourceTitle "EXT 2016"]
[Source "ChessBase"]
[SourceDate "2015.10.08"]
[SourceVersion "1"]
[SourceVersionDate "2015.10.08"]
[SourceQuality "1"]
[WhiteTeam "Ujszasz"]
[BlackTeam "Roszke"]
[WhiteTeamCountry "HUN"]
[BlackTeamCountry "HUN"]

1. e4 c5 2. c4 Nc6 3. Ne2 e5 4. d3 g6 5. Nbc3 Bg7 6. g3 Nge7 7. Bg2 d6 8. 0-0 0-0 9. a3 Be6 10. Rb1 Qd7 11. b4 b6 12. Nd5 Bh3 13. b5 Bxg2 14. bxc6 Qh3 15. Nxe7+ Kh8 16. Nc3 Bxf1 17. Qxf1 Qe6 18. Ned5 Rac8 19. c7 f5 20. Nb5 Ra8 21. Qh3 Qf7 22. Nxd6 Qd7 23. c8Q Raxc8 24. Nxc8 Qxc8 25. Bh6 Qe8 26. Bxg7+ Kxg7 27. exf5 Rxf5 28. Qg4 h5 29. Qe2 g5 30. h3 Kh6 31. Qe4 Qf7 32. Rb2 Qe6 33. Re2 Kg7 34. Ne7 Rf6 35. Qxe5 Qxh3 36. Nd5 1-0

[Event "HUN-chT2 Toth 1213"]
[Site "Hungary"]
[Date "2013.01.29"]
[Round "6.7"]
[White "Sipos, Kalman"]
[Black "Sos, Barnabas"]
[Result "0-1"]
[WhiteElo "1861"]
[BlackElo "1591"]
[PlyCount "94"]
[EventDate "2012.09.16"]
[EventType "team-tourn"]
[EventRounds "11"]
[EventCountry "HUN"]
[SourceTitle "EXT 2014"]
[Source "ChessBase"]
[SourceDate "2013.11.20"]
[SourceVersion "1"]
[SourceVersionDate "2013.11.20"]
[SourceQuality "1"]
[WhiteTeam "Roszke II"]
[BlackTeam "Debrecen Sakkbaratok"]
[WhiteTeamCountry "HUN"]
[BlackTeamCountry "HUN"]

1. e4 e5 2. Nf3 Nc6 3. Bb5 a6 4. Ba4 d6 5. d4 b5 6. Bb3 Bg4 7. Bd5 Qd7 8. c3 Rd8 9. 0-0 Nf6 10. Bg5 Be7 11. h3 Bxf3 12. Qxf3 Nxd5 13. exd5 Nxd4 14. cxd4 Bxg5 15. dxe5 dxe5 16. Nc3 0-0 17. Rad1 Qe7 18. Rfe1 Qf6 19. Qe2 Rfe8 20. Ne4 Qg6 21. Qg4 h6 22. Qe2 Be7 23. Rd3 f5 24. Rg3 Qf7 25. Nc3 Bb4 26. Qd2 Bxc3 27. bxc3 Rxd5 28. Qxh6 Rd6 29. Qg5 Qf6 30. Qc1 Rc6 31. Qb2 f4 32. Rg4 e4 33. Qb3+ Rc4 34. Rd1 Qf7 35. Rd4 e3 36. Rd1 Qe6 37. fxe3 fxe3 38. Rxc4 bxc4 39. Qc2 e2 40. Re1 Qe3+ 41. Kh2 Qf2 42. Qd2 c6 43. a4 Qe3 44. Qc2 Qd3 45. Qc1 Rd8 46. Kg1 Qd1 47. Kf2 Qxc1 0-1

[Event "HUN-chT2 Toth 1213"]
[Site "Hungary"]
[Date "2012.11.04"]
[Round "3.7"]
[White "Feichter, Erno"]
[Black "Sipos, Kalman"]
[Result "0-1"]
[WhiteElo "1884"]
[BlackElo "1861"]
[PlyCount "94"]
[EventDate "2012.09.16"]
[EventType "team-tourn"]
[EventRounds "11"]
[EventCountry "HUN"]
[SourceTitle "EXT 2014"]
[Source "ChessBase"]
[SourceDate "2013.11.20"]
[SourceVersion "1"]
[SourceVersionDate "2013.11.20"]
[SourceQuality "1"]
[WhiteTeam "Abony"]
[BlackTeam "Roszke II"]
[WhiteTeamCountry "HUN"]
[BlackTeamCountry "HUN"]

1. e4 c5 2. c3 d5 3. exd5 Qxd5 4. Nf3 Bg4 5. Be2 Nc6 6. 0-0 Nf6 7. d3 h6 8. Na3 a6 9. Nc2 Qd8 10. Bf4 e6 11. Ne3 Bh5 12. Re1 Be7 13. Qd2 0-0 14. Rad1 Bd6 15. Nc4 Bxf4 16. Qxf4 Nd5 17. Qg3 Nce7 18. Nd6 Nf5 19. Nxf5 exf5 20. Ne5 f4 21. Qh3 Bxe2 22. Rxe2 Qc7 23. Qd7 Rad8 24. Qxc7 Nxc7 25. Nf3 Ne6 26. Re4 Rd6 27. Kf1 Rfd8 28. Ke2 g5 29. h3 b5 30. d4 Kg7 31. g3 Kf6 32. g4 Rd5 33. Rd2 cxd4 34. Nxd4 Nc5 35. f3 Nxe4 36. fxe4 Re5 37. Kf3 Rde8 38. Re2 Rd8 39. Kg2 Rc8 40. Kf3 Rc4 41. a3 a5 42. Nc2 Kg6 43. Ne1 h5 44. Nd3 hxg4+ 45. hxg4 Re8 46. e5 Rh8 47. Kg2 f3+ 0-1

[Event "HUN-chT2 Toth 0910"]
[Site "Hungary"]
[Date "2010.04.11"]
[Round "9.7"]
[White "Sipos, Kalman"]
[Black "Pinczes, Gyula"]
[Result "1-0"]
[WhiteElo "1820"]
[BlackElo "1770"]
[PlyCount "77"]
[EventDate "2009.11.08"]
[EventType "team-tourn"]
[EventRounds "11"]
[EventCountry "HUN"]
[SourceTitle "EXT 2011"]
[Source "ChessBase"]
[SourceDate "2010.11.26"]
[SourceVersion "1"]
[SourceVersionDate "2010.11.26"]
[SourceQuality "1"]
[WhiteTeam "Roszke"]
[BlackTeam "Nadudvar"]
[WhiteTeamCountry "HUN"]
[BlackTeamCountry "HUN"]

1. e4 e5 2. Nf3 Nc6 3. Bb5 a6 4. Ba4 Nf6 5. 0-0 b5 6. Bb3 Be7 7. Re1 0-0 8. Bd5 Bd6 9. d4 Nxd5 10. dxe5 Bxe5 11. exd5 Bf6 12. dxc6 dxc6 13. Qxd8 Rxd8 14. Bg5 Be6 15. Bxf6 gxf6 16. Nc3 b4 17. Ne4 Kg7 18. Nc5 Rd6 19. a3 Bf5 20. axb4 Bxc2 21. Rxa6 Rb8 22. Ra7 Rxb4 23. Rxc7 Rxb2 24. h3 Rb6 25. Ne6+ Kg6 26. Nf4+ Kf5 27. g3 Bb3 28. Rc8 Bc2 29. Rg8 Be4 30. Nh4+ Ke5 31. f3 Rb1 32. Re8+ Re6 33. Rxb1 Rxe8 34. fxe4 Rd8 35. Rc1 Rc8 36. Rc4 Kd6 37. Nf5+ Kc7 38. Nd5+ Kb8 39. Nxf6 1-0

[Event "HUN-chT2 Toth 0809"]
[Site "Hungary"]
[Date "2009.01.11"]
[Round "5.9"]
[White "Vajda, Akos"]
[Black "Sipos, Kalman"]
[Result "1/2-1/2"]
[WhiteElo "1958"]
[BlackElo "1856"]
[PlyCount "33"]
[EventDate "2008.10.26"]
[EventType "team-tourn"]
[EventRounds "11"]
[EventCountry "HUN"]
[SourceTitle "EXT 2010"]
[Source "ChessBase"]
[SourceDate "2010.11.25"]
[SourceVersion "1"]
[SourceVersionDate "2010.11.25"]
[SourceQuality "1"]
[WhiteTeam "Kisujszallas"]
[BlackTeam "Roszke"]
[WhiteTeamCountry "HUN"]
[BlackTeamCountry "HUN"]

1. e4 c5 2. Nf3 d6 3. d4 cxd4 4. Nxd4 Nf6 5. Nc3 g6 6. Be3 Bg7 7. f3 Nc6 8. Qd2 Nxd4 9. Bxd4 0-0 10. 0-0-0 Be6 11. Nd5 Bxd5 12. exd5 Qc7 13. Kb1 a6 14. g4 Rfc8 15. c3 Qa5 16. g5 Nxd5 17. Bxg7 1/2-1/2

[Event "HUN-chT2 Toth 0809"]
[Site "Hungary"]
[Date "2008.11.30"]
[Round "3.9"]
[White "Egyed, Viktoria"]
[Black "Sipos, Kalman"]
[Result "0-1"]
[WhiteElo "1651"]
[BlackElo "1856"]
[PlyCount "90"]
[EventDate "2008.10.26"]
[EventType "team-tourn"]
[EventRounds "11"]
[EventCountry "HUN"]
[SourceTitle "EXT 2010"]
[Source "ChessBase"]
[SourceDate "2010.11.25"]
[SourceVersion "1"]
[SourceVersionDate "2010.11.25"]
[SourceQuality "1"]
[WhiteTeam "Karcag"]
[BlackTeam "Roszke"]
[WhiteTeamCountry "HUN"]
[BlackTeamCountry "HUN"]

1. e4 c5 2. Nf3 d6 3. d4 cxd4 4. Nxd4 Nf6 5. Nc3 g6 6. Bc4 Bg7 7. 0-0 0-0 8. Be3 a6 9. h3 b5 10. Bb3 Bb7 11. Qd3 Nbd7 12. Nf3 Qc7 13. Qd2 Nc5 14. Bd5 Ncxe4 15. Nxe4 Nxe4 16. Qd3 Bxd5 17. Qxd5 Nf6 18. Qd3 Rac8 19. c3 Qc4 20. Qd2 Rfd8 21. Rfe1 Ne4 22. Qc2 d5 23. Bb6 Rd6 24. Ba5 e6 25. Nd2 Nxd2 26. Qxd2 Rdc6 27. Red1 Qh4 28. Qe3 Rc4 29. b3 R4c6 30. c4 Bxa1 31. cxd5 exd5 32. Rxa1 Qf6 33. Rd1 Qd6 34. Qd4 Rc1 35. Be1 Rxd1 36. Qxd1 d4 37. Bd2 Qe5 38. Qg4 Re8 39. Qd7 Kg7 40. Qc6 Re6 41. Qd7 Qe4 42. Bb4 Rc6 43. Qd8 Rc1+ 44. Kh2 Qf4+ 45. g3 Qxf2# 0-1

[Event "HUN-chT2 Toth 0708"]
[Site "Hungary"]
[Date "2008.04.27"]
[Round "10"]
[White "Sipos, Kalman"]
[Black "Kelly, Ladislau Endre"]
[Result "0-1"]
[WhiteElo "1824"]
[BlackElo "2171"]
[PlyCount "106"]
[EventDate "2007.10.14"]
[EventType "team"]
[EventRounds "11"]
[EventCountry "HUN"]
[SourceTitle "EXT 2009"]
[Source "ChessBase"]
[SourceDate "2008.11.26"]
[SourceVersion "1"]
[SourceVersionDate "2008.11.26"]
[SourceQuality "1"]
[WhiteTeam "Roszke"]
[BlackTeam "Gyula"]
[WhiteTeamCountry "HUN"]
[BlackTeamCountry "HUN"]

1. e4 c5 2. c3 d5 3. exd5 Qxd5 4. d4 e5 5. Nf3 cxd4 6. cxd4 e4 7. Nc3 Bb4 8. Ne5 Nc6 9. Nxc6 bxc6 10. Be2 Bxc3+ 11. bxc3 Qa5 12. Bd2 Rb8 13. Qc2 Nf6 14. 0-0 0-0 15. Bc4 Ba6 16. Bxa6 Qxa6 17. Bf4 Rb5 18. a4 Rd5 19. Be5 Re8 20. Bxf6 gxf6 21. Rfe1 f5 22. Re3 Re6 23. Rb1 Ra5 24. Rb8+ Kg7 25. Rb4 c5 26. dxc5 Qc6 27. c4 Qxc5 28. Rb5 Qd4 29. Re1 Rxb5 30. axb5 f4 31. h3 e3 32. fxe3 fxe3 33. Re2 Qa1+ 34. Kh2 Qe5+ 35. g3 f5 36. Qd1 Rd6 37. Qe1 Rd3 38. c5 Qxc5 39. Qa1+ Kg6 40. Qh8 Qe7 41. Qg8+ Kh6 42. Qc4 Qe4 43. Qf7 Qe5 44. Qf8+ Kg6 45. Qg8+ Kf6 46. Qf8+ Ke6 47. Qe8+ Kd5 48. Qc6+ Kd4 49. Rc2 Rd2+ 50. Rxd2+ exd2 51. Qd7+ Kc3 52. Qc6+ Kb2 53. Qd7 Qe2+ 0-1

[Event "HUN-chT2 Toth 0708"]
[Site "Hungary"]
[Date "2008.03.16"]
[Round "8"]
[White "Sipos, Kalman"]
[Black "Kopias, Ferenc"]
[Result "1-0"]
[WhiteElo "1824"]
[BlackElo "1962"]
[PlyCount "69"]
[EventDate "2007.10.14"]
[EventType "team"]
[EventRounds "11"]
[EventCountry "HUN"]
[SourceTitle "EXT 2009"]
[Source "ChessBase"]
[SourceDate "2008.11.26"]
[SourceVersion "1"]
[SourceVersionDate "2008.11.26"]
[SourceQuality "1"]
[WhiteTeam "Roszke"]
[BlackTeam "Mako II"]
[WhiteTeamCountry "HUN"]
[BlackTeamCountry "HUN"]

1. e4 c6 2. d4 g6 3. Nf3 Bg7 4. Nc3 d5 5. Be2 dxe4 6. Nxe4 f5 7. Nc5 b6 8. Nb3 Nf6 9. 0-0 0-0 10. Re1 Re8 11. Bc4+ Nd5 12. Bf4 b5 13. Bxd5+ Qxd5 14. Nc5 Na6 15. Nxa6 Bxa6 16. Qe2 Rad8 17. c3 Bc8 18. Rad1 h6 19. Be5 Bf8 20. b3 Qf7 21. Bc7 Rd7 22. Ne5 Qf6 23. Nxd7 Bxd7 24. Qe5 Qf7 25. Qc5 e5 26. Bd6 Bxd6 27. Qxd6 e4 28. d5 cxd5 29. Qxd5 Be6 30. Qxb5 g5 31. Qa5 Kh7 32. Rd8 Re7 33. Qe5 Kg6 34. g4 fxg4 35. Qxe4+ 1-0

[Event "HUN-chT2 Toth 0708"]
[Site "Hungary"]
[Date "2008.02.17"]
[Round "6"]
[White "Sipos, Kalman"]
[Black "Varga, Ferenc"]
[Result "0-1"]
[WhiteElo "1824"]
[BlackElo "1888"]
[PlyCount "92"]
[EventDate "2007.10.14"]
[EventType "team"]
[EventRounds "11"]
[EventCountry "HUN"]
[SourceTitle "EXT 2009"]
[Source "ChessBase"]
[SourceDate "2008.11.26"]
[SourceVersion "1"]
[SourceVersionDate "2008.11.26"]
[SourceQuality "1"]
[WhiteTeam "Roszke"]
[BlackTeam "Bajai"]
[WhiteTeamCountry "HUN"]
[BlackTeamCountry "HUN"]

1. e4 c6 2. d4 d5 3. Nc3 dxe4 4. Nxe4 Bf5 5. Ng3 Bg6 6. Nf3 e6 7. h4 h6 8. Bd3 Bxd3 9. Qxd3 Bd6 10. Ne4 Be7 11. Bf4 Nf6 12. 0-0-0 Nxe4 13. Qxe4 Qd5 14. Qxd5 cxd5 15. Ne5 Nd7 16. Nxd7 Kxd7 17. g4 g5 18. Bg3 Bd6 19. Rd3 Rag8 20. Rf3 Bxg3 21. fxg3 Ke7 22. h5 Rf8 23. Rhf1 f6 24. Kd2 Rh7 25. Re3 Kd6 26. Ref3 Rhf7 27. Kd3 f5 28. b3 b5 29. a4 bxa4 30. bxa4 a6 31. c3 f4 32. gxf4 Rxf4 33. Rxf4 gxf4 34. Ke2 e5 35. dxe5+ Kxe5 36. Kf3 Rc8 37. Re1+ Kf6 38. Rc1 Rc4 39. a5 Kg5 40. Rc2 d4 41. Ke4 dxc3+ 42. Kd3 Rc6 43. Ke4 Kxg4 44. Rg2+ Kxh5 45. Kf5 Rc5+ 46. Kxf4 c2 0-1